Countries by Country Calling Codes - Statistics

General Stats
  • This quiz has been taken 75 times
  • The average score is 7 of 20
Answer Stats
Hint Answer % Correct
+1 United States and Canada
94%
+44 United Kingdom
71%
+33 France
43%
+34 Spain
39%
+91 India
37%
+7 Russia
37%
+49 Germany
35%
+82 South Korea
35%
+39 Italy
33%
+61 Australia
31%
+52 Mexico
31%
+55 Brazil
27%
+86 China
27%
+234 Nigeria
27%
+65 Singapore
27%
+81 Japan
25%
+63 Philippines
18%
+380 Ukraine
14%
+251 Ethiopia
10%
+504 Honduras
8%
No matching quizzes found
Score Distribution
Percent of People with Each Score
Percentile by Number Answered
Your Score History
You have not taken this quiz